00922nam a22002175i 4500001000700000003000900007005001700016008004100033080002500074100003400099245022900133260004600362300004200408490003200450546004600482610004500528610004700573700001700620830003200637852003500669178074ES-MaACL20250823063127.0110517s1950 sp o |||| | spa d a749.1:069(460.27 M.)1 aFeduchi, Luis M., d1901-197514aLos Museos Arqueológico y Valencia de D. Juan b= Les Musées Archeologique et Valencia de D. Juan = Archaeological and Valencia de D. Juan Museums /cintroducción y notas de Luis M. Feduchi ; fotografías: Juan Pando. aMadrid : bAfrodisio Aguado, cimp. 1950. a65, 64 p. de fot. bl. y n. ; c19 cm.1 aEl mueble en España ; v4 aTexto en español, francés e inglés.2 aMuseo Arqueológico Nacional (España)24aInstituto de Valencia de Don Juan (Madrid)0 aPando, Juan.0 aEl mueble en España ; v4 aES-MaACLjE-15109 xOlim P-955